000
00296nam a22001337a 4500
008
170707b xxu||||| |||| 00| 0 eng d
020
_a
9780312677305
041
_a
eng
080
_2
4TH
_a
82
100
_a
22
101
_a
GJL
245
_a
MAKING LITERATURE MATTER
_c
SCHILB,J
942
_2
udc
_c
BK
999
_c
20041
_d
20041